| 000 | 00442nam a2200145 4500 | ||
|---|---|---|---|
| 001 | 106993 | ||
| 003 | ES-MaACL | ||
| 007 | t| | ||
| 008 | 061121s1902 fr r ||||1| fre d | ||
| 100 | 1 |
_aMoret, Alexandre. _983468 |
|
| 245 | 1 | 0 |
_aDu caractère religeux de la royauté pharaonique / _cpar Alexandre Moret. |
| 260 |
_aParis : _b[s.n.], _c1902 ( _eAngers : _fA. Burdin et C.) |
||
| 300 |
_aVIII, 344 P. ; _c25 cm. |
||
| 852 |
_aES-MaACL _jB-3936 |
||
| 999 |
_c106993 _d106993 |
||